| 000 | 01097nam a2200193Ia 4500 | ||
|---|---|---|---|
| 001 | 11087 | ||
| 003 | GE_BSU | ||
| 008 | 181216s||||||||xx |||||||||||||| ||und|| | ||
| 040 | _cGE_BSU | ||
| 080 | _a81'374.3=353.1 | ||
| 245 | _aქართული ენის განმარტებითი ლექსიკონი.ტ.VIII. ჩ,ც,ძ,წ,ჭ,ხ,ჯ,ჰ.=Толковый словарь грузинского языка.Т.VIII. | ||
| 245 | _cმთ.რედ.გ.ახვლედიანი, ივ.გიგინეიშვილი, ი.გრიშაშვილი და სხვ. პროფ.არნ ჩიქობავას საერთო რედაქციით | ||
| 260 | _aთბილისი. | ||
| 260 | _bმეცნიერება. | ||
| 260 | _c1964. | ||
| 300 | _a1651გვ;28სმ. | ||
| 653 | _aქართული ენის განმარტებითი ლექსიკონი.ტ.VIII. ჩ,ც,ძ,წ,ჭ,ხ,ჯ,ჰ.=Толковый словарь грузинского языка.Т.VIII. | ||
| 942 | _cBK | ||
| 999 |
_c44328 _d44328 |
||